000 00273nam a22001217a 4500
008 170223b xxu||||| |||| 00| 0 eng d
041 _aeng
080 _a61
100 _a5
101 _aSHS
245 _aTHE DENTAL CLINICS OF NORTH AMERICA
_cLUNDEEN.H.C
942 _2udc
_cBK
999 _c6163
_d6163